000 00831nam a2200241Ia 4500
003 OSt
005 20220923221722.0
006 a|||||r|||| 00| 0
007 ta
008 220922b |||||||| |||| 00| 0 hin d
024 _a199,596
037 _cTextual
040 _aARTS
_cARTS
_bhin
041 _2hin
_ahin
082 _aQ2:332w, 152K7
100 _aगोपीनाथ
_9156280
245 0 _aसाधु दर्शन व सत्प्रसंब एल बंगला से हिन्दी, श्रीेकृष्ण पन्त अनु
246 _aSādhu darshan v satprasanba el bangalā se hindī, shrīekṛuṣhṇa panta 0anu
260 _c1967
300 _a199पृ.
_ccm.
942 _hQ2:332w, 152K7
_cTEXL
_2CC
999 _c351336
_d351336